000 00288nam a2200121Ia 4500
008 190216s9999||||xx |||||||||||||| ||und||
100 _aVijayan M N
245 0 _aSheershasanam
260 _bCalicut University Central Co-Operative
300 _a152
650 _aNiroopanam
942 _cBK
999 _c27107
_d27107